000 00323nam a2200133Ia 4500
008 220524s9999 xx 000 0 und d
041 _aeng
082 _a1
100 _aFernandez Angel & Roig G. M.
_92853
245 _aDrawing for fashion designers
260 _bBatsford,London
650 _aDrawing
_92854
906 _a327
999 _c5058
_d5058